<?xml version="1.0" encoding="UTF-8"?><?xml-stylesheet type="text/xsl" href="static/style.xsl"?><OAI-PMH xmlns="http://www.openarchives.org/OAI/2.0/" xmlns:xsi="http://www.w3.org/2001/XMLSchema-instance" xsi:schemaLocation="http://www.openarchives.org/OAI/2.0/ http://www.openarchives.org/OAI/2.0/OAI-PMH.xsd"><responseDate>2026-04-14T19:46:36Z</responseDate><request verb="GetRecord" identifier="oai:uvadoc.uva.es:10324/43332" metadataPrefix="marc">https://uvadoc.uva.es/oai/request</request><GetRecord><record><header><identifier>oai:uvadoc.uva.es:10324/43332</identifier><datestamp>2021-06-23T11:14:26Z</datestamp><setSpec>com_10324_1164</setSpec><setSpec>com_10324_931</setSpec><setSpec>com_10324_894</setSpec><setSpec>col_10324_1330</setSpec></header><metadata><record xmlns="http://www.loc.gov/MARC21/slim" xmlns:doc="http://www.lyncode.com/xoai" xmlns:xsi="http://www.w3.org/2001/XMLSchema-instance" xmlns:dcterms="http://purl.org/dc/terms/" xsi:schemaLocation="http://www.loc.gov/MARC21/slim http://www.loc.gov/standards/marcxml/schema/MARC21slim.xsd">
<leader>00925njm 22002777a 4500</leader>
<datafield tag="042" ind1=" " ind2=" ">
<subfield code="a">dc</subfield>
</datafield>
<datafield tag="720" ind1=" " ind2=" ">
<subfield code="a">Carrasco Martínez, Adolfo</subfield>
<subfield code="e">author</subfield>
</datafield>
<datafield tag="260" ind1=" " ind2=" ">
<subfield code="c">2017</subfield>
</datafield>
<datafield tag="520" ind1=" " ind2=" ">
<subfield code="a">Es reseña de: Motta, Anne, Noblesse et pouvoir princier dans la Lorraine ducale, 1624-1737, París, Classiques Garnier, 2015, 618 pp. ISBN 978-2-8124-5093-8</subfield>
</datafield>
<datafield tag="024" ind2=" " ind1="8">
<subfield code="a">Cuadernos de historia moderna, Vol. 42, Nº 1, 2017, págs. 333-335</subfield>
</datafield>
<datafield tag="024" ind2=" " ind1="8">
<subfield code="a">0214-4018</subfield>
</datafield>
<datafield tag="024" ind2=" " ind1="8">
<subfield code="a">http://uvadoc.uva.es/handle/10324/43332</subfield>
</datafield>
<datafield tag="024" ind2=" " ind1="8">
<subfield code="a">10.5209/CHMO.56674</subfield>
</datafield>
<datafield tag="024" ind2=" " ind1="8">
<subfield code="a">333</subfield>
</datafield>
<datafield tag="024" ind2=" " ind1="8">
<subfield code="a">1</subfield>
</datafield>
<datafield tag="024" ind2=" " ind1="8">
<subfield code="a">335</subfield>
</datafield>
<datafield tag="024" ind2=" " ind1="8">
<subfield code="a">Cuadernos de Historia Moderna</subfield>
</datafield>
<datafield tag="024" ind2=" " ind1="8">
<subfield code="a">42</subfield>
</datafield>
<datafield tag="024" ind2=" " ind1="8">
<subfield code="a">1988-2475</subfield>
</datafield>
<datafield tag="245" ind1="0" ind2="0">
<subfield code="a">Motta, Anne, Noblesse et pouvoir princier dans la Lorraine ducale, 1624-1737</subfield>
</datafield>
</record></metadata></record></GetRecord></OAI-PMH>